00343nam a2200157Ia 4500008004100000041000800041100001200049245001400061260003200075300000800107365001300115500000900128520001900137650001000156999001900166230605s2002 xx 000 0 und d aeng aCollins aNew Hotel bConran octopus c2002c2002 a224 b3704h20 a1647 aReference Copy aF. P. c418405d418405